Guess the song without the lyrics ! #2 - Statistics

General Stats
  • This quiz has been taken 371 times
  • The average score is 190 of 371
Answer Stats
Paroles % Correct
I
96%
a
93%
you
90%
the
87%
me
80%
love
78%
to
75%
do
74%
and
71%
Is
70%
it
69%
no
67%
No
67%
in
66%
on
66%
go
65%
go?
65%
go)
65%
this
65%
your
65%
my
64%
we
63%
We
63%
just
60%
Just
60%
So
60%
can
58%
don't
58%
I'm
58%
life?
57%
life
57%
for
56%
se
55%
real
54%
of
53%
all
52%
But
52%
If
52%
if
52%
let
52%
(let
52%
not
52%
time
52%
boy
51%
man
51%
will
51%
Will
51%
from
50%
Oh
49%
see
49%
now
48%
come
47%
up
47%
has
46%
his
46%
Queen
46%
as
44%
Because
44%
eye?
44%
fantasy?
44%
had
44%
look
44%
make
44%
Bohemian Rhapsody
43%
mamma
43%
Mamma
43%
never
43%
Never
43%
(never
43%
at
42%
little
42%
Mama
42%
Too
42%
Any
41%
(any
41%
(Any
41%
can't
41%
head
41%
need
41%
poor
41%
again
40%
he's
40%
He's
40%
him
40%
killed
40%
leave
40%
Put
40%
put
40%
reality
40%
way
40%
away
39%
baby
39%
begun
39%
cry
39%
dead
39%
easy
39%
Easy
39%
escape
39%
eyes
39%
got
39%
I've
39%
Open
39%
back
38%
die
38%
die?
38%
gun
38%
really
38%
wanna
38%
high
37%
mean
37%
out
37%
trigger
37%
didn't
36%
get
36%
low
36%
matter
36%
nothing
36%
Nothing
36%
think
36%
been
35%
Carry
35%
carry
35%
doesn't
35%
down
35%
here
35%
loves
35%
pulled
35%
tomorrow
35%
against
34%
sympathy
34%
wind
34%
family
33%
gone
33%
matters
33%
nobody
33%
skies
33%
blows
32%
blows)
32%
Caught
32%
I'd
32%
mia
32%
landslide
30%
wish
30%
(Galileo)
29%
Galileo
29%
Gotta
29%
gotta
29%
late
29%
very
29%
behind
28%
born
28%
right
28%
everybody
27%
face
27%
sometimes
27%
thrown
27%
truth
27%
Goodbye
26%
Ooh
26%
(Ooh
26%
ooh
26%
anyone
25%
Figaro
25%
Bismillah
24%
body's
24%
monstrosity
24%
spine
24%
aching
23%
frightening
23%
lightning
23%
magnifico
23%
shivers
23%
spit
23%
yeah
23%
yeah)
23%
devil
22%
Fandango?
22%
Scaramouche
22%
Thunderbolt
22%
Spare
20%
aside
19%
outta
19%
silhouetto
18%
Beelzebub
16%
Sends
16%
stone
8%
No matching quizzes found
Score Distribution
Percent of People with Each Score
Percentile by Number Answered
Your Score History
You have not taken this quiz